Statistiques concernant Pays du monde commençant par I et J.

Cliquez ici pour prendre le quiz!

Statistiques générales

  • Ce quiz a été pris 318 fois
  • Le résultat moyen est 8 sur 12

Statistiques - réponses

Réponse% Correct
Jordanie
89%
Inde
83%
Indonésie
77%
Japon
77%
Irlande
76%
Islande
73%
Italie
73%
Jamaïque
73%
Irak
66%
Iran
66%
Îles Marshall
30%
Îles Salomon
18%

Distribution des résultats

Percentile par nombre de réponses

% des personnes avec chaque résultat

Votre développement - résultats

Vous n’avez pas pris ce quiz